01433nam a22002537a 450000500170000000800410001702000180005804000670007604100080014310000320015124502280018326000960041130000440050749000610055150101920061250400410080465000340084565000450087965000630092465000620098765100670104970000280111670000350114420240226133532.0240226b ||||| |||| 00| 0 eng d a9786287676152 aCO-BoUCMcDavid Moreno (modificó)dDavid Moreno (modificó) aspa1 aCarvajal Sanchez, Bernardo 10aBalance y desafios del Estado regulador, supervisor, promotor y empresario bXXIV Jornadas Internacionales de Derecho AdministrativocBernardo Carvajal Sanchez, Ivan Carvajal Sanchez, Rosa Fernanda Gomez Gonzalez … [et].  aBogota, COL bUniversidad Externado de Colombia bPanamericana Formas e Impresos S.A c2023 a730 Paginas bilustraciones y graficos  aJornadas Internacionales de Derecho Administrativo XXIV  aVolumen I Accion Publica Economica y Estado Regulador Volumen II Estado Supervisor - Estado Promotor Volumen III Estado Empresario y Otras Acciones de la Administracion en los Mercados  aIncluye referencias bibliográficas17aEstado de derecho zColombia 17aProcedimiento administrativo zColombia 17aServicios publicos xAspectos constitucionales zColombia 17aEntidades territoriales xAspectos economicos zColombia 17aAmerica latina xAdministracion publica xAspectos economicos 1 aCarvajal Sanchez, Ivan 1 aGomez Gonzalez, Rosa Fernanda